000 00318nam a2200133Ia 4500
008 231017s9999 xx 000 0 und d
082 _a624
082 _bKRA
245 0 _aSeepage Modeling with SEEP/W: An Engineering Methodology
245 0 _cJohn Krahn
260 _bJohn Krahn
300 _c30cm
942 _cREP
999 _c604055
_d604055